000 01127cad a22002055a 4500
001 L154598
008 120105e20110706xxk 000 0 eng d
035 _a(Sirsi) u154598
041 0 _aeng
110 2 _aHomes and Communities Agency
_95688
245 0 0 _aQuality counts
_h[electronic resource]
260 _a[S.l.]
_bHCA
_c2011
520 _aThis report summarises the main findings of a series of Quality Assurance and Impact Visits carried out by the HCA for homes delivered under the Agency's National Affordable Housing Programme (NAHP) 2008-11, across 520 schemes in England. Looks at architecture and design, sustainability, and affordable housing. The results in the report will be help inform the HCA's approach under the new Affordable Homes Programme (2011-15).
590 _aKA NTK
651 4 _aEngland
_y886-
690 _aPROPERTY-RESIDENTIAL PROPERTY-DOMESTIC RESIDENTIAL PROPERTY-HOUSING
690 _aBUILT ENVIRONMENT-CONSTRUCTION MARKET
856 4 0 _uhttps://www.homesandcommunities.co.uk/quality-counts
_zDownload the report (PDF file) free of charge at www.homesandcommunities.co.uk
942 _n0
999 _c113055
_d113055